| 000 | 00932nac a22002657a 4500 | ||
|---|---|---|---|
| 001 | BR7601200 | ||
| 003 | BR-BrBNA | ||
| 005 | 20240105113924.0 | ||
| 008 | 230509b bl.|||m| |||| 00| 0 por d | ||
| 040 |
_aBR-BrBNA _bpor _cBiblioteca Nacional de Agricultura |
||
| 072 | _aL10 | ||
| 090 | _a5213 BR7601200 | ||
| 110 | 1 | _aAssociacao Nacional de Criadores Herd-Book Collares, Pelotas, RS (Brasil); | |
| 110 | 1 |
_aUniversidade Federal do Rio Grande do Sul, Porto Alegre (Brasil). Depto. de Zootecnia _911157 |
|
| 245 | 1 | _aPROMEBO. Programa de Melhoramento de Bovinos de Carne [Brasil] | |
| 260 | 3 |
_aPelotas, RS (Brasil): _c1975. |
|
| 300 | _a56 p. | ||
| 490 |
_aBoletim - Associacao Nacional de Criadores Herd-Book Collares (Brazil) _vno. 2 _x |
||
| 650 | _aGADO DE CORTE | ||
| 650 | _aPESO | ||
| 650 | _aGENETICA ANIMAL | ||
| 650 | _aRENDIMENTO | ||
| 909 |
_a202312 _bLúcia Elande _c55 _dLúcia Elande |
||
| 942 |
_2AGRIS _n0 _cMS |
||
| 999 |
_c266358 _d266358 |
||